000 00594nam a2200229Ia 4500
003 OSt
005 20220918192507.0
006 a|||||r|||| 00| 0
007 ta
008 220917b |||||||| |||| 00| 0 eng d
024 _a68,720
037 _cTextual
040 _aARTS
_cARTS
_beng
041 _2eng
_aeng
082 _aR3, K5
100 _aHarris Errol E
_970951
245 0 _aFoundations of metaphysics in science
260 _c1965
490 _aMuirhead library of philosophy ed by H D Lewis
942 _hR3, K5
_cTEXL
_2CC
999 _c194891
_d194891